00337nam a2200133Ia 4500008004100000041000800041082001400049100002200063245003400085250001500119260002900134300003300163365000700196240624s9999 xx 000 0 und d aeng a336.2 SIN aSINGHANIA VINOD K aDIRECT TAXES LAW AND PRACTICE a(40th ed.) c2009aNew DelhibTaxmann ai-29, : 1444 : p. : cm. ; 23 cRS